<?xml version="1.0" encoding="UTF-8"?>
<record
    xmlns:xsi="http://www.w3.org/2001/XMLSchema-instance"
    xsi:schemaLocation="http://www.loc.gov/MARC21/slim http://www.loc.gov/standards/marcxml/schema/MARC21slim.xsd"
    xmlns="http://www.loc.gov/MARC21/slim">

  <leader>01948nam a22003137a 4500</leader>
  <controlfield tag="001">4580</controlfield>
  <controlfield tag="003">FISKH</controlfield>
  <controlfield tag="005">20240917113717.0</controlfield>
  <controlfield tag="008">240917b        cb ||||| |||| 00| 0 eng d</controlfield>
  <datafield tag="020" ind1=" " ind2=" ">
    <subfield code="a">9789996389290</subfield>
  </datafield>
  <datafield tag="040" ind1=" " ind2=" ">
    <subfield code="a">FISKH</subfield>
    <subfield code="b">Khmer</subfield>
    <subfield code="c">FISKH</subfield>
    <subfield code="d">FISKH</subfield>
  </datafield>
  <datafield tag="050" ind1=" " ind2=" ">
    <subfield code="a">PZ7</subfield>
  </datafield>
  <datafield tag="082" ind1=" " ind2=" ">
    <subfield code="a">800</subfield>
  </datafield>
  <datafield tag="100" ind1=" " ind2=" ">
    <subfield code="a">Anonymous </subfield>
    <subfield code="e">author</subfield>
  </datafield>
  <datafield tag="245" ind1=" " ind2=" ">
    <subfield code="a">&#x1794;&#x17D2;&#x179A;&#x17B6;&#x1787;&#x17D2;&#x1789;&#x17B6;&#x1796;&#x1796;&#x17C2; /</subfield>
    <subfield code="c">by Anonymous </subfield>
  </datafield>
  <datafield tag="250" ind1=" " ind2=" ">
    <subfield code="a">&#x1794;&#x17C4;&#x17C7;&#x1796;&#x17BB;&#x1798;&#x17D2;&#x1796;&#x1786;&#x17D2;&#x1793;&#x17B6;&#x17C6;&#x17E2;&#x17E0;&#x17E1;&#x17E5;</subfield>
  </datafield>
  <datafield tag="260" ind1=" " ind2=" ">
    <subfield code="a">&#x1797;&#x17D2;&#x1793;&#x17C6;&#x1796;&#x17C1;&#x1789; :</subfield>
    <subfield code="b">&#x17A2;&#x1795;&#x17D2;&#x179F;&#x17BB;&#x1780; ;</subfield>
    <subfield code="c">&#x17E2;&#x17E0;&#x17E1;&#x17E5;&#x200B; .</subfield>
  </datafield>
  <datafield tag="300" ind1=" " ind2=" ">
    <subfield code="a">12 pages : </subfield>
    <subfield code="b">color illustrations ;</subfield>
    <subfield code="c">22 cm . </subfield>
  </datafield>
  <datafield tag="490" ind1=" " ind2=" ">
    <subfield code="a">&#x1793;&#x17B7;&#x1791;&#x17B6;&#x1793;&#x17A2;&#x1794;&#x17CB;&#x179A;&#x17C6;&#x179F;&#x1798;&#x17D2;&#x179A;&#x17B6;&#x1794;&#x17CB;&#x1780;&#x17BB;&#x1798;&#x17B6;&#x179A;</subfield>
  </datafield>
  <datafield tag="505" ind1=" " ind2=" ">
    <subfield code="a">H 

</subfield>
  </datafield>
  <datafield tag="520" ind1=" " ind2=" ">
    <subfield code="a">&#x1798;&#x17B6;&#x1793;&#x17AA;&#x1796;&#x1796;&#x17C2;&#x1793;&#x17B7;&#x1784;&#x1798;&#x17C1;&#x1796;&#x1796;&#x17C2;&#x1798;&#x17B6;&#x1793;&#x1780;&#x17BC;&#x1793;&#x1794;&#x17B8;&#x1793;&#x17B6;&#x1780;&#x17CB; &#x17D4; &#x1790;&#x17D2;&#x1784;&#x17C3;&#x1798;&#x17BD;&#x1799;&#x17AA;&#x1793;&#x17B7;&#x1784;&#x1798;&#x17C1;&#x179A;&#x1794;&#x179F;&#x17CB;&#x1796;&#x1796;&#x17C2; &#x1792;&#x17BB;&#x17C6;&#x1780;&#x17D2;&#x179B;&#x17B7;&#x1793;&#x1781;&#x17D2;&#x179B;&#x17B6;&#x1780;&#x17CF;&#x1797;&#x17D0;&#x1799;&#x1781;&#x17D2;&#x179B;&#x17B6;&#x1785;&#x17D4; &#x1796;&#x17BD;&#x1780;&#x1782;&#x17C1;&#x1780;&#x17CF;&#x1794;&#x17B6;&#x1793;&#x1793;&#x17B7;&#x1799;&#x17B6;&#x1799;&#x1791;&#x17C5;&#x1780;&#x17B6;&#x1793;&#x17CB;&#x1780;&#x17BC;&#x1793;&#x1790;&#x17B6;&#x17AA;&#x1793;&#x17BA;&#x1784;&#x1791;&#x17C5;&#x1785;&#x17B6;&#x1794;&#x17CB;&#x1781;&#x17D2;&#x179B;&#x17B6;&#x17A2;&#x17C4;&#x1799;&#x1780;&#x17BC;&#x1793;&#x179F;&#x17BB;&#x17B8; &#x179B;&#x17BA;&#x178A;&#x17BC;&#x1785;&#x1793;&#x17C1;&#x17C7;&#x1781;&#x17D2;&#x179B;&#x17B6;&#x1797;&#x17D0;&#x1799;&#x17A0;&#x17BE;&#x1799;&#x1780;&#x17CF;&#x178A;&#x17B6;&#x1780;&#x17CB;&#x1798;&#x17C1;&#x1795;&#x17B6;&#x1799;&#x1797;&#x17D2;&#x179B;&#x17B6;&#x1798;&#x200B;&#x17D4;&#x200B; &#x1797;&#x17D2;&#x179B;&#x17B6;&#x1798;&#x1793;&#x17C4;&#x17C7;&#x1781;&#x17D2;&#x179B;&#x17B6;&#x1780;&#x17CF;&#x1794;&#x17B6;&#x1793;&#x1787;&#x17BD;&#x1794;&#x1780;&#x1789;&#x17D2;&#x1787;&#x17D2;&#x179A;&#x17C4;&#x1784;&#x17A0;&#x17BE;&#x1799;&#x1780;&#x17CF;&#x1794;&#x1794;&#x17BD;&#x179B;&#x1782;&#x17D2;&#x1793;&#x17B6;&#x1791;&#x17C5;&#x179A;&#x1780;&#x1796;&#x1796;&#x17C2; &#x178F;&#x17C2;&#x178A;&#x17C4;&#x1799;&#x1785;&#x17B6;&#x1789;&#x17CB;&#x1780;&#x179B;&#x1796;&#x1796;&#x17C2;&#x1796;&#x17BD;&#x1780;&#x1782;&#x17C1;&#x1780;&#x17CF;&#x1784;&#x17B6;&#x1794;&#x17CB;&#x1791;&#x17B6;&#x17C6;&#x1784;&#x1796;&#x17B8;&#x179A;&#x1791;&#x17C5; &#x17D4;&#x200B;</subfield>
  </datafield>
  <datafield tag="520" ind1=" " ind2=" ">
    <subfield code="a">There is a father goat and a goat mother with three children. One day, the goat's father and mother were scared of the smell of tigers. They also told the boy that the father would go and catch the tiger for the baby to hear, so the tiger got scared and immediately put the witch on. Both died.</subfield>
  </datafield>
  <datafield tag="521" ind1="8" ind2=" ">
    <subfield code="a">430 
</subfield>
    <subfield code="b">Lexile estimate 
</subfield>
  </datafield>
  <datafield tag="521" ind1="8" ind2=" ">
    <subfield code="a">H 
</subfield>
    <subfield code="b">Raz-Plus 
</subfield>
  </datafield>
  <datafield tag="650" ind1=" " ind2=" ">
    <subfield code="a">&#x1798;&#x17C1;&#x1796;&#x1796;&#x17C2;</subfield>
  </datafield>
  <datafield tag="650" ind1=" " ind2=" ">
    <subfield code="a">mother goat</subfield>
  </datafield>
  <datafield tag="942" ind1=" " ind2=" ">
    <subfield code="2">ddc</subfield>
    <subfield code="c">KHB</subfield>
    <subfield code="n">0</subfield>
  </datafield>
  <datafield tag="999" ind1=" " ind2=" ">
    <subfield code="c">4580</subfield>
    <subfield code="d">4580</subfield>
  </datafield>
  <datafield tag="952" ind1=" " ind2=" ">
    <subfield code="0">0</subfield>
    <subfield code="1">0</subfield>
    <subfield code="2">ddc</subfield>
    <subfield code="4">0</subfield>
    <subfield code="7">0</subfield>
    <subfield code="8">KH</subfield>
    <subfield code="a">001</subfield>
    <subfield code="b">001</subfield>
    <subfield code="c">TTP Khmer</subfield>
    <subfield code="d">2024-09-17</subfield>
    <subfield code="l">0</subfield>
    <subfield code="o">ANO PZ7 800</subfield>
    <subfield code="p">FIS04119</subfield>
    <subfield code="r">2024-09-17 11:34:57</subfield>
    <subfield code="t">1</subfield>
    <subfield code="w">2024-09-17</subfield>
    <subfield code="y">KHB</subfield>
  </datafield>
  <datafield tag="952" ind1=" " ind2=" ">
    <subfield code="0">0</subfield>
    <subfield code="1">0</subfield>
    <subfield code="2">ddc</subfield>
    <subfield code="4">0</subfield>
    <subfield code="7">0</subfield>
    <subfield code="8">KH</subfield>
    <subfield code="a">001</subfield>
    <subfield code="b">001</subfield>
    <subfield code="c">TTP Khmer</subfield>
    <subfield code="d">2024-09-17</subfield>
    <subfield code="l">0</subfield>
    <subfield code="o">ANO PZ7 800</subfield>
    <subfield code="p">FIS03808</subfield>
    <subfield code="r">2024-09-17 11:35:54</subfield>
    <subfield code="t">2</subfield>
    <subfield code="w">2024-09-17</subfield>
    <subfield code="y">KHB</subfield>
  </datafield>
  <datafield tag="952" ind1=" " ind2=" ">
    <subfield code="0">0</subfield>
    <subfield code="1">0</subfield>
    <subfield code="2">ddc</subfield>
    <subfield code="4">0</subfield>
    <subfield code="7">0</subfield>
    <subfield code="8">KH</subfield>
    <subfield code="a">001</subfield>
    <subfield code="b">001</subfield>
    <subfield code="c">OKHR</subfield>
    <subfield code="d">2025-09-04</subfield>
    <subfield code="l">1</subfield>
    <subfield code="o">ANO PZ7 800</subfield>
    <subfield code="p">FISBK04288</subfield>
    <subfield code="r">2026-03-16 09:32:09</subfield>
    <subfield code="s">2025-10-10</subfield>
    <subfield code="t">3</subfield>
    <subfield code="w">2025-09-04</subfield>
    <subfield code="y">KHB</subfield>
  </datafield>
  <datafield tag="952" ind1=" " ind2=" ">
    <subfield code="0">0</subfield>
    <subfield code="1">0</subfield>
    <subfield code="2">ddc</subfield>
    <subfield code="4">0</subfield>
    <subfield code="7">0</subfield>
    <subfield code="8">KH</subfield>
    <subfield code="a">001</subfield>
    <subfield code="b">001</subfield>
    <subfield code="c">OKHR</subfield>
    <subfield code="d">2025-09-04</subfield>
    <subfield code="l">1</subfield>
    <subfield code="o">ANO PZ7 800</subfield>
    <subfield code="p">FISTK04614</subfield>
    <subfield code="r">2026-03-16 09:32:27</subfield>
    <subfield code="s">2025-10-10</subfield>
    <subfield code="t">4</subfield>
    <subfield code="w">2025-09-04</subfield>
    <subfield code="y">KHB</subfield>
  </datafield>
  <datafield tag="952" ind1=" " ind2=" ">
    <subfield code="0">0</subfield>
    <subfield code="1">0</subfield>
    <subfield code="2">ddc</subfield>
    <subfield code="4">0</subfield>
    <subfield code="7">0</subfield>
    <subfield code="8">KH</subfield>
    <subfield code="a">002</subfield>
    <subfield code="b">002</subfield>
    <subfield code="c">TTP Khmer</subfield>
    <subfield code="d">2025-10-23</subfield>
    <subfield code="l">0</subfield>
    <subfield code="o">ANO PZ7 800</subfield>
    <subfield code="p">FIS04388</subfield>
    <subfield code="r">2025-10-23 14:32:08</subfield>
    <subfield code="t">5</subfield>
    <subfield code="w">2025-10-23</subfield>
    <subfield code="y">KHB</subfield>
  </datafield>
  <datafield tag="952" ind1=" " ind2=" ">
    <subfield code="0">0</subfield>
    <subfield code="1">0</subfield>
    <subfield code="2">ddc</subfield>
    <subfield code="4">0</subfield>
    <subfield code="7">0</subfield>
    <subfield code="8">KH</subfield>
    <subfield code="a">002</subfield>
    <subfield code="b">002</subfield>
    <subfield code="c">TTP Khmer</subfield>
    <subfield code="d">2025-10-24</subfield>
    <subfield code="l">0</subfield>
    <subfield code="o">ANO PZ7 800</subfield>
    <subfield code="p">FIS04029</subfield>
    <subfield code="r">2025-10-24 15:38:08</subfield>
    <subfield code="t">6</subfield>
    <subfield code="w">2025-10-24</subfield>
    <subfield code="y">KHB</subfield>
  </datafield>
  <datafield tag="952" ind1=" " ind2=" ">
    <subfield code="0">0</subfield>
    <subfield code="1">0</subfield>
    <subfield code="2">ddc</subfield>
    <subfield code="4">0</subfield>
    <subfield code="7">0</subfield>
    <subfield code="8">KH</subfield>
    <subfield code="a">002</subfield>
    <subfield code="b">002</subfield>
    <subfield code="c">TTP Khmer</subfield>
    <subfield code="d">2025-12-11</subfield>
    <subfield code="l">0</subfield>
    <subfield code="o">ANO PZ7 800</subfield>
    <subfield code="p">FISBK03871</subfield>
    <subfield code="r">2025-12-11 10:32:39</subfield>
    <subfield code="t">7</subfield>
    <subfield code="w">2025-12-11</subfield>
    <subfield code="y">KHB</subfield>
  </datafield>
  <datafield tag="952" ind1=" " ind2=" ">
    <subfield code="0">0</subfield>
    <subfield code="1">0</subfield>
    <subfield code="2">ddc</subfield>
    <subfield code="4">0</subfield>
    <subfield code="7">0</subfield>
    <subfield code="8">KH</subfield>
    <subfield code="a">002</subfield>
    <subfield code="b">002</subfield>
    <subfield code="c">TTP Khmer</subfield>
    <subfield code="d">2025-12-11</subfield>
    <subfield code="l">0</subfield>
    <subfield code="o">ANO PZ7 800</subfield>
    <subfield code="p">FIS04258</subfield>
    <subfield code="r">2025-12-11 10:35:41</subfield>
    <subfield code="t">8</subfield>
    <subfield code="w">2025-12-11</subfield>
    <subfield code="y">KHB</subfield>
  </datafield>
</record>
